Bacon Dishes - Sudden Death - Statistics

General Stats
  • This quiz has been taken 82 times
  • The average score is 6 of 16
Answers on the Grid
Answers color-coded by a green-red scale on the quiz's grid according to % correct below.
BLT
Club sandwich
English breakfast
Tartiflette
Quiche Lorraine
Salade lyonnaise
Angels on horseback
Cobb salad
Spaghetti alla carbonara
Flammekueche
Rinderrouladen
Korean BBQ / Samgyeopsal-gui
Kakuni
Peameal bacon sandwich
Clams casino
Slavink
Osso buco
Pesto rigatoni
Fettuccine Alfredo
Sol over Gudhjem
Navarin
Pastrami on rye
Fattoush
Greek salad
Peposo
Tsukemono
Fårikål
Lobster Thermidor
 
Answer Stats
Answer % Correct
BLT
86%
Peameal bacon sandwich
72%
English breakfast
69%
Club sandwich
66%
Spaghetti alla carbonara
59%
Cobb salad
47%
Quiche Lorraine
47%
Angels on horseback
31%
Korean BBQ / Samgyeopsal-gui
28%
Tartiflette
23%
Salade lyonnaise
19%
Flammekueche
17%
Clams casino
14%
Kakuni
13%
Rinderrouladen
11%
Slavink
11%
No matching quizzes found
Score Distribution
Percent of People with Each Score
Percentile by Number Answered
Your Score History
You have not taken this quiz